Detalles MARC
| 000 -LEADER |
| fixed length control field |
01445nam a2200361 a 4500 |
| 001 - CONTROL NUMBER |
| control field |
|
| 003 - CONTROL NUMBER IDENTIFIER |
| control field |
DO-SdBNP |
| 005 - DATE AND TIME OF LATEST TRANSACTION |
| control field |
20240221095206.0 |
| 008 - FIXED-LENGTH DATA ELEMENTS--GENERAL INFORMATION |
| fixed length control field |
130405s2009 dr r 001 i spa d |
| 020 ## - INTERNATIONAL STANDARD BOOK NUMBER |
| International Standard Book Number |
9789945020632 (v.1) |
| 020 ## - INTERNATIONAL STANDARD BOOK NUMBER |
| International Standard Book Number |
9789945020649 (v.2) |
| 040 ## - CATALOGING SOURCE |
| Original cataloging agency |
DO-SdBNP |
| Language of cataloging |
spa |
| Transcribing agency |
BPMSU |
| 082 ## - DEWEY DECIMAL CLASSIFICATION NUMBER |
| Classification number |
RD868.2 |
| Item number |
C422e 2009 |
| Edition number |
22 |
| 100 1# - MAIN ENTRY--PERSONAL NAME |
| Personal name |
Cestero, Mariano Antonio, |
| Dates associated with a name |
1837-1909 |
| 245 10 - TITLE STATEMENT |
| Title |
Escritos / |
| Statement of responsibility, etc. |
Mariano A. Cestero ; editor Andrés Blanco Diaz. |
| 260 ## - PUBLICATION, DISTRIBUTION, ETC. (IMPRINT) |
| Place of publication, distribution, etc. |
Santo Domingo : |
| Name of publisher, distributor, etc. |
Archivo General de la Nación, |
| Date of publication, distribution, etc. |
2009. |
| 300 ## - PHYSICAL DESCRIPTION |
| Extent |
2 v. ; |
| Dimensions |
24 cm. |
| 490 0# - SERIES STATEMENT |
| Series statement |
Archivo General de la Nación |
| Volume/sequential designation |
75-76 |
| 500 ## - GENERAL NOTE |
| General note |
Incluye índice onomástico. |
| 500 ## - GENERAL NOTE |
| General note |
Incluye datos biográficos del autor en la solapa de la cubierta. |
| 500 ## - GENERAL NOTE |
| General note |
Incluye cronología de Mariano A. Cestero: p.21-32. |
| 504 ## - BIBLIOGRAPHY, ETC. NOTE |
| Bibliography, etc |
Incluye bibliografía y notas al pie de páginas. |
| 505 0# - FORMATTED CONTENTS NOTE |
| Miscellaneous information |
v. 1-. Cartas insurgentes y otras misivas -- |
| -- |
v. 2-. Artículos y ensayos. |
| 590 ## - LOCAL NOTE (RLIN) |
| Local note |
Inventariado, 2024/VM |
| 600 14 - SUBJECT ADDED ENTRY--PERSONAL NAME |
| Personal name |
Cestero,Mariano Antonio, |
| Dates associated with a name |
1837-1910 |
| Form subdivision |
Correspondencia, memorias, |
| 650 #4 - SUBJECT ADDED ENTRY--TOPICAL TERM |
| Topical term or geographic name as entry element |
Ensayos dominicanos |
| 650 #4 - SUBJECT ADDED ENTRY--TOPICAL TERM |
| Topical term or geographic name as entry element |
Literatura dominicana |
| Form subdivision |
Colecciones de escritos |
| 651 #4 - SUBJECT ADDED ENTRY--GEOGRAPHIC NAME |
| Geographic name |
República Dominicana |
| General subdivision |
Historia |
| -- |
Correspondencia, memorias, etc. |
| 700 1# - ADDED ENTRY--PERSONAL NAME |
| Personal name |
Blanco Díaz, Andrés |
| Relator term |
ed. |
| 710 2# - ADDED ENTRY--CORPORATE NAME |
| Corporate name or jurisdiction name as entry element |
Archivo General de la Nación (República Dominicana) |
| 910 ## - USER-OPTION DATA (OCLC) |
| User-option data |
Vmateo V. Control de calidad. BPMSU |
| 942 ## - ADDED ENTRY ELEMENTS (KOHA) |
| Source of classification or shelving scheme |
Dewey Decimal Classification |
| Koha item type |
Libros |